<?xml version="1.0" encoding="UTF-8"?>
<record
    xmlns:xsi="http://www.w3.org/2001/XMLSchema-instance"
    xsi:schemaLocation="http://www.loc.gov/MARC21/slim http://www.loc.gov/standards/marcxml/schema/MARC21slim.xsd"
    xmlns="http://www.loc.gov/MARC21/slim">

  <leader>00603nam a22001337a 4500</leader>
  <datafield tag="040" ind1=" " ind2=" ">
    <subfield code="c">RUA</subfield>
  </datafield>
  <datafield tag="082" ind1=" " ind2=" ">
    <subfield code="a">AGR KOE 2015 B556 Or.1</subfield>
  </datafield>
  <datafield tag="100" ind1=" " ind2=" ">
    <subfield code="a">KOENG NARITHY; &#x1780;&#x17B9;&#x1784; &#x178E;&#x17B6;&#x179A;&#x17B7;&#x1791;&#x17D2;&#x1792;&#x17B8;</subfield>
  </datafield>
  <datafield tag="245" ind1=" " ind2=" ">
    <subfield code="a">Effect of organic fertilizers on celery cabbage ( Brassica chinensis L) at saang district, kandal province; &#x17A5;&#x1791;&#x17D2;&#x1792;&#x17B7;&#x1796;&#x179B;&#x1787;&#x17B8;&#x1792;&#x1798;&#x17D2;&#x1798;&#x1787;&#x17B6;&#x178F;&#x17B7;&#x179B;&#x17BE;&#x178A;&#x17C6;&#x178E;&#x17B6;&#x17C6;&#x179F;&#x17D2;&#x1796;&#x17C3;&#x1785;&#x1784;&#x17D2;&#x1780;&#x17B9;&#x17C7;&#x1793;&#x17C5;&#x179F;&#x17D2;&#x179A;&#x17BB;&#x1780;&#x179F;&#x17D2;&#x17A2;&#x17B6;&#x1784; &#x1781;&#x17C1;&#x178F;&#x17D2;&#x178F;&#x1780;&#x178E;&#x17D2;&#x178F;&#x17B6;&#x179B;</subfield>
  </datafield>
  <datafield tag="260" ind1=" " ind2=" ">
    <subfield code="a">Phnom Penh</subfield>
    <subfield code="b">RUA</subfield>
    <subfield code="c">2015</subfield>
  </datafield>
  <datafield tag="300" ind1=" " ind2=" ">
    <subfield code="a">xi; 38p;</subfield>
    <subfield code="b">ill;</subfield>
    <subfield code="c">29cm;</subfield>
  </datafield>
  <datafield tag="856" ind1=" " ind2=" ">
    <subfield code="u">KOENG NARITHY</subfield>
  </datafield>
  <datafield tag="942" ind1=" " ind2=" ">
    <subfield code="c">AGR</subfield>
  </datafield>
  <datafield tag="999" ind1=" " ind2=" ">
    <subfield code="c">11576</subfield>
    <subfield code="d">11576</subfield>
  </datafield>
  <datafield tag="952" ind1=" " ind2=" ">
    <subfield code="0">0</subfield>
    <subfield code="1">0</subfield>
    <subfield code="2">ddc</subfield>
    <subfield code="4">0</subfield>
    <subfield code="6">AGR_KOE_2015_000000000000000_B556_OR_1</subfield>
    <subfield code="7">0</subfield>
    <subfield code="9">59610</subfield>
    <subfield code="a">LBB</subfield>
    <subfield code="b">LBB</subfield>
    <subfield code="c">B556</subfield>
    <subfield code="d">2017-08-03</subfield>
    <subfield code="o">AGR KOE 2015 B556 Or.1</subfield>
    <subfield code="p">A12215</subfield>
    <subfield code="r">2017-08-03</subfield>
    <subfield code="w">2017-08-03</subfield>
    <subfield code="y">AGR</subfield>
  </datafield>
  <datafield tag="952" ind1=" " ind2=" ">
    <subfield code="0">0</subfield>
    <subfield code="1">0</subfield>
    <subfield code="2">ddc</subfield>
    <subfield code="4">0</subfield>
    <subfield code="6">AGR_KOE_2015_000000000000000_B556_OR_2</subfield>
    <subfield code="7">0</subfield>
    <subfield code="9">59611</subfield>
    <subfield code="a">LBB</subfield>
    <subfield code="b">LBB</subfield>
    <subfield code="c">B556</subfield>
    <subfield code="d">2017-08-03</subfield>
    <subfield code="l">2</subfield>
    <subfield code="o">AGR KOE 2015 B556 Or.2</subfield>
    <subfield code="p">A12713</subfield>
    <subfield code="r">2020-09-11</subfield>
    <subfield code="s">2020-09-07</subfield>
    <subfield code="w">2017-08-03</subfield>
    <subfield code="y">AGR</subfield>
  </datafield>
  <datafield tag="952" ind1=" " ind2=" ">
    <subfield code="0">0</subfield>
    <subfield code="1">0</subfield>
    <subfield code="2">ddc</subfield>
    <subfield code="4">0</subfield>
    <subfield code="6">AGR_KOE_2015_000000000000000_B556_OR_3</subfield>
    <subfield code="7">0</subfield>
    <subfield code="9">59612</subfield>
    <subfield code="a">LBB</subfield>
    <subfield code="b">LBB</subfield>
    <subfield code="c">B556</subfield>
    <subfield code="d">2017-08-03</subfield>
    <subfield code="o">AGR KOE 2015 B556 Or.3</subfield>
    <subfield code="p">A12813</subfield>
    <subfield code="r">2017-08-03</subfield>
    <subfield code="w">2017-08-03</subfield>
    <subfield code="y">AGR</subfield>
  </datafield>
  <datafield tag="952" ind1=" " ind2=" ">
    <subfield code="0">0</subfield>
    <subfield code="1">0</subfield>
    <subfield code="2">ddc</subfield>
    <subfield code="4">0</subfield>
    <subfield code="6">AGR_KOE_2015_000000000000000_B556_OR_4</subfield>
    <subfield code="7">0</subfield>
    <subfield code="9">59613</subfield>
    <subfield code="a">LBB</subfield>
    <subfield code="b">LBB</subfield>
    <subfield code="c">B556</subfield>
    <subfield code="d">2017-08-03</subfield>
    <subfield code="o">AGR KOE 2015 B556 Or.4</subfield>
    <subfield code="p">A12672</subfield>
    <subfield code="r">2017-08-03</subfield>
    <subfield code="w">2017-08-03</subfield>
    <subfield code="y">AGR</subfield>
  </datafield>
  <datafield tag="952" ind1=" " ind2=" ">
    <subfield code="0">0</subfield>
    <subfield code="1">0</subfield>
    <subfield code="2">ddc</subfield>
    <subfield code="4">0</subfield>
    <subfield code="6">AGR_KOE_2015_000000000000000_B556_OR_5</subfield>
    <subfield code="7">0</subfield>
    <subfield code="9">59614</subfield>
    <subfield code="a">LBB</subfield>
    <subfield code="b">LBB</subfield>
    <subfield code="c">B556</subfield>
    <subfield code="d">2017-08-03</subfield>
    <subfield code="o">AGR KOE 2015 B556 Or.5</subfield>
    <subfield code="p">A11756</subfield>
    <subfield code="r">2017-08-03</subfield>
    <subfield code="w">2017-08-03</subfield>
    <subfield code="y">AGR</subfield>
  </datafield>
  <datafield tag="952" ind1=" " ind2=" ">
    <subfield code="0">0</subfield>
    <subfield code="1">0</subfield>
    <subfield code="2">ddc</subfield>
    <subfield code="4">0</subfield>
    <subfield code="6">AGR_KOE_2015_000000000000000_B556_OR_6</subfield>
    <subfield code="7">0</subfield>
    <subfield code="9">59615</subfield>
    <subfield code="a">LBB</subfield>
    <subfield code="b">LBB</subfield>
    <subfield code="c">B556</subfield>
    <subfield code="d">2017-08-03</subfield>
    <subfield code="l">1</subfield>
    <subfield code="o">AGR KOE 2015 B556 Or.6</subfield>
    <subfield code="p">A11770</subfield>
    <subfield code="r">2017-08-11</subfield>
    <subfield code="s">2017-08-05</subfield>
    <subfield code="w">2017-08-03</subfield>
    <subfield code="y">AGR</subfield>
  </datafield>
  <datafield tag="952" ind1=" " ind2=" ">
    <subfield code="0">0</subfield>
    <subfield code="1">0</subfield>
    <subfield code="2">ddc</subfield>
    <subfield code="4">0</subfield>
    <subfield code="6">AGR_KOE_2015_000000000000000_B556_OR_7</subfield>
    <subfield code="7">0</subfield>
    <subfield code="9">59616</subfield>
    <subfield code="a">LBB</subfield>
    <subfield code="b">LBB</subfield>
    <subfield code="c">B556</subfield>
    <subfield code="d">2017-08-03</subfield>
    <subfield code="o">AGR KOE 2015 B556 Or.7</subfield>
    <subfield code="p">A11701</subfield>
    <subfield code="r">2017-08-03</subfield>
    <subfield code="w">2017-08-03</subfield>
    <subfield code="y">AGR</subfield>
  </datafield>
  <datafield tag="952" ind1=" " ind2=" ">
    <subfield code="0">0</subfield>
    <subfield code="1">0</subfield>
    <subfield code="2">ddc</subfield>
    <subfield code="4">0</subfield>
    <subfield code="6">AGR_KOE_2015_000000000000000_B556_OR_8</subfield>
    <subfield code="7">0</subfield>
    <subfield code="9">59617</subfield>
    <subfield code="a">LBB</subfield>
    <subfield code="b">LBB</subfield>
    <subfield code="c">B556</subfield>
    <subfield code="d">2017-08-03</subfield>
    <subfield code="l">1</subfield>
    <subfield code="o">AGR KOE 2015 B556 Or.8</subfield>
    <subfield code="p">A12642</subfield>
    <subfield code="r">2017-11-10</subfield>
    <subfield code="s">2017-10-16</subfield>
    <subfield code="w">2017-08-03</subfield>
    <subfield code="y">AGR</subfield>
  </datafield>
</record>
